Una vida crítica: cuarenta y cinco años de cinefilia
Uloženo v:
| Hlavní autor: | |
|---|---|
| Médium: | Kniha |
| Jazyk: | španělština |
| Vydáno: |
Santiago
Ediciones Universidad Diego Portales
2013
|
| Vydání: | 1a. ed |
| Témata: | |
| Tagy: |
Přidat tag
Žádné tagy, Buďte první, kdo vytvoří štítek k tomuto záznamu!
|
MARC
| LEADER | 00000cam a2200000 a 4500 | ||
|---|---|---|---|
| 001 | UCF9363 | ||
| 003 | CL-VaPUC | ||
| 008 | 131111e20130300cl |||||||||||||||||spa|d | ||
| 020 | |a 9789563142020 | ||
| 082 | 0 | 4 | |a 791.4309 |b SOT |2 21 |
| 100 | 0 | |a Soto, Héctor |e author |9 571626 | |
| 245 | 1 | 4 | |a Una vida crítica: cuarenta y cinco años de cinefilia |
| 250 | |a 1a. ed | ||
| 300 | |a 763 p | ||
| 942 | |c BK | ||
| 945 | |d 20131111 15:03:00 |a dcastane | ||
| 260 | |a Santiago |b Ediciones Universidad Diego Portales |c 2013 | ||
| 650 | 0 | |a Crítica de cine |9 267411 | |
| 650 | 7 | |a ESTETICA DEL CINE |2 CL-VaPUC |9 528586 | |
| 650 | 0 | |a Biografías |9 255210 | |
| 583 | |a last modification |c 20131111 15:03:00 |k Rodrigo Vera | ||
| 999 | |c 353811 |d 353809 | ||
| 952 | |0 0 |1 0 |3 erb |4 0 |6 791_430900000000000_SOT_2013 |7 0 |8 A |9 459213 |a BIBART |b BIBART |d 2019-11-23 |i 5021960 |o 791.4309 SOT 2013 |p 5021960 |r 2025-03-13 |w 2019-11-23 |y BK |z Catalogado en:20131111 |k ART | ||